Sports Quiz

Random Sports or Cricket Quiz

West Indian Cricketers or English Villages? XI Quiz Stats

 Plays Quiz not verified by Sporcle

Score 0/30 Timer 02:00
0 Plays Today
Name Cricketer (C) or Village (V)? % Correct
Kenroy Peters???
86%
Wavell Hinds???
86%
Learie Constantine???
83.7%
Orville Pennant???
79.1%
Chester Bourne???
74.4%
Lennox Balgobin???
74.4%
Newton Tracey???
74.4%
Roby Mill???
74.4%
Glenroy Sealy???
72.1%
Harwood Dale???
72.1%
Othneil Downes???
72.1%
Sampford Courtenay???
67.4%
Ashford Bowdler???
65.1%
Compton Dando???
65.1%
Love Clough???
65.1%
Name Cricketer (C) or Village (V)? % Correct
Percy Tarilton???
65.1%
Broughton Hackett???
62.8%
Codville Rogers???
62.8%
Hopton Wafers???
62.8%
Stanton Lacy???
60.5%
Edward Acton???
55.8%
Tachbrook Mallory???
51.2%
Wickham Skeith???
51.2%
Thorpe Audlin???
48.8%
Welsh Frankton???
48.8%
Whitcott Keysett???
46.5%
Altemont Wellington???
44.2%
Woodford Halse???
44.2%
Broadwood Kelly???
39.5%
Miles Hope???
23.3%

You're not logged in!

Compare scores with friends on all Sporcle quizzes.
OR
Log In

Sporcle TV

Today on Sporcle TV


Watch our educational content, quiz creation guides, and fun videos on Sporcle TV.

Show Comments

Extras

Top Quizzes Today


Score Distribution

Your Account Isn't Verified!

In order to create a playlist on Sporcle, you need to verify the email address you used during registration. Go to your Sporcle Settings to finish the process.

Report this User

Report this user for behavior that violates our Community Guidelines.

Details: